000 00525nam a22001937a 4500
999 _c4259
_d4259
003 OSt
005 20181204112015.0
008 181204b ||||| |||| 00| 0 eng d
020 _a1595480633
040 _cDLC
082 _a233.5
_bW872S
100 _aWommack, Andrew
245 _aSpirit, Soul and Body /
_cBy Andrew Wommack.
260 _aColorado Springs, USA :
_bAndrew Wommack Ministies Inc.,
_cc2005.
300 _a148 p.:
630 _aWommack, Andrew
650 _aSpirit,Soul and Body
_xTrinity
942 _2ddc
_cBK